[Event "Ports Summer Tourney"]
[Site "?"]
[Date "1971.??.??"]
[Round "?"]
[White "Johnson, Maurice W"]
[Black "Brameld, Arthur F"]
[Result "1/2-1/2"]
[WhiteElo "2000"]
[BlackElo "1935"]
[PlyCount "140"]
[EventDate "1971.??.??"]
[EventType "simul"]
[EventRounds "7"]

1. e4 e5 2. f4 exf4 3. Nf3 Be7 4. Bc4 d5 5. exd5 Nf6 6. O-O O-O 7. Bb3 Bg4 8. Nc3 Nbd7 9. d4 Nb6 10. Bxf4 Nbxd5 11. Nxd5 Nxd5 12. Bxd5 Qxd5 13. Bxc7 Rac8 14. Be5 Qe4 15. c3 Rc6 16. Qe1 Qg6 17. Bg3 Bf6 18. Bh4 Bxh4 19. Qxh4 f6 20. Rae1 Rb6 21. b3 Ra6 22. Re2 Bxf3 23. Rxf3 Qb1+ 24. Qe1 Qxe1+ 25. Rxe1 Rxa2 26. Re7 Rf7 27. Rfe3 Rb2 28. Re8+ Rf8 29. Rxf8+ Kxf8 30. c4 Rd2 31. d5 Rd4 32. Kf2 b5 33. Rc3 b4 34. Re3 a5 35. Re2 Rd3 36. Rb2 Rc3 37. Ke2 a4 38. bxa4 b3 39. a5 Rxc4 40. Rxb3 Ra4 41. Rb5 Ra3 42. d6 Ke8 43. Rb8+ Kd7 44. Rb7+ Kxd6 45. Rxg7 Rxa5 46. Rxh7 Ke6 47. Kf3 Ra3+ 48. Kf4 Ra4+ 49. Kf3 Ra3+ 50. Kf4 Ra4+ 51. Kg3 Ra3+ 52. Kh4 Ra4+ 53. Kh3 Kf5 54. Rg7 Ra3+ 55. Rg3 Ra4 56. Rg7 Ra3+ 57. Kh4 Ra4+ 58. g4+ Ke6 59. Kh5 Ra8 60. Rh7 Ra5+ 61. Kh4 Ra4 62. Rh5 Kf7 63. Rf5 Kg6 64. Kg3 Ra3+ 65. Rf3 Rxf3+ 66. Kxf3 f5 67. h3 fxg4+ 68. hxg4 Kg5 69. Kg3 Kg6 70. Kf4 Kf6 1/2-1/2

[Event "Ports Summer Tourney"]
[Site "?"]
[Date "1971.??.??"]
[Round "?"]
[White "Brameld, Arthur F"]
[Black "Cullinane, Anthony R"]
[Result "1-0"]
[WhiteElo "1935"]
[BlackElo "2015"]
[PlyCount "101"]
[EventDate "1971.??.??"]
[EventType "simul"]
[EventRounds "7"]

1. e4 e6 2. d4 d5 3. Nc3 Bb4 4. e5 c5 5. a3 Bxc3+ 6. bxc3 Ne7 7. f4 Nbc6 8. Nf3 Qa5 9. Bd2 c4 10. Be2 Bd7 11. O-O Nd8 12. Nh4 g6 13. Bf3 Rc8 14. g4 Rg8 15. Kh1 g5 16. fxg5 Rc6 17. Ng2 Rb6 18. Nf4 Ba4 19. Nh5 Rb2 20. Nf6+ Kf8 21. Nxg8 Kxg8 22. h4 Rxc2 23. Qe1 Rb2 24. Bd1 Bxd1 25. Qxd1 Nec6 26. Qc1 Rb3 27. h5 Ne7 28. g6 hxg6 29. Bg5 Nec6 30. Rf3 Nxd4 31. Bf6 Kf8 32. h6 Nxf3 33. h7 Ke8 34. h8=Q+ Kd7 35. Qxd8+ Qxd8 36. Bxd8 Kxd8 37. Qe3 d4 38. Qxf3 Rxc3 39. Qxc3 dxc3 40. Rc1 Kd7 41. Rxc3 Kc6 42. Rxc4+ Kd5 43. Rc7 Kxe5 44. Rxb7 f5 45. gxf5 gxf5 46. Rxa7 Kd4 47. Re7 e5 48. a4 f4 49. a5 e4 50. a6 f3 51. a7 1-0

[Event "Ports Summer Tourney"]
[Site "?"]
[Date "1971.??.??"]
[Round "?"]
[White "Carter, Anthony FC"]
[Black "Brameld, Arthur F"]
[Result "0-1"]
[WhiteElo "2175"]
[BlackElo "1935"]
[PlyCount "110"]
[EventDate "1971.??.??"]
[EventType "simul"]
[EventRounds "7"]

1. e4 e5 2. Nf3 f5 3. Bc4 fxe4 4. Nxe5 Qg5 5. d4 Qxg2 6. Rf1 Nf6 7. Bf7+ Ke7 8. Bc4 d6 9. Nc3 Bh3 10. Bf4 dxe5 11. dxe5 Nfd7 12. Nd5+ Kd8 13. Qh5 g6 14. Qh4+ Kc8 15. Be2 Be6 16. O-O-O Qh3 17. Qg5 Qf5 18. Qg3 h5 19. h4 c6 20. Ne3 Qf7 21. f3 Bg7 22. fxe4 Qe8 23. Nc4 Bxc4 24. Bxc4 Nxe5 25. Qh3+ Ned7 26. Be6 Rf8 27. Bxb8 Kxb8 28. Rxf8 Qxf8 29. Bxd7 Qf4+ 30. Kb1 Qe5 31. Qb3 Kc7 32. Bh3 Rd8 33. Rxd8 Kxd8 34. Qxb7 Qd4 35. a3 c5 36. Qb8+ Ke7 37. Qb7+ Kf8 38. Be6 Qf6 39. Qc8+ Ke7 40. Qd7+ Kf8 41. c3 Qe7 42. Qc8+ Qe8 43. Qxc5+ Qe7 44. Qc6 Bf6 45. Bd5 Kg7 46. a4 Bxh4 47. Kc2 Bf6 48. Kd3 Be5 49. b4 Qf6 50. Qb7+ Kh6 51. b5 Qf3+ 52. Kc2 Qxc3+ 53. Kd1 Qd3+ 54. Kc1 Bd6 55. Kb2 Ba3+ 0-1

[Event "Ports Summer Tourney"]
[Site "?"]
[Date "1971.??.??"]
[Round "?"]
[White "Brameld, Arthur F"]
[Black "Pratten, Wilf"]
[Result "1-0"]
[WhiteElo "1935"]
[BlackElo "2020"]
[PlyCount "105"]
[EventDate "1971.??.??"]
[EventType "simul"]
[EventRounds "7"]

1. e4 e5 2. Nf3 Nc6 3. Nc3 Bb4 4. Nd5 Bc5 5. d4 Bxd4 6. Bc4 h6 7. Nxd4 exd4 8. Qg4 Rh7 9. Qg3 d6 10. f4 Nf6 11. O-O Kf8 12. Bd3 Rh8 13. Bd2 Be6 14. c4 Nb8 15. Rae1 Bxd5 16. cxd5 Nbd7 17. Bc4 Nc5 18. Qf3 c6 19. dxc6 bxc6 20. e5 Nfe4 21. Bb4 Qb6 22. Bxc5 Qxc5 23. Qxe4 d5 24. Bxd5 cxd5 25. Qd3 Qb6 26. b3 Rc8 27. Rd1 Ke7 28. Qxd4 Rc2 29. Qxb6 axb6 30. Rf2 Rhc8 31. Rxc2 Rxc2 32. Rxd5 Rxa2 33. Rb5 g5 34. g3 Ke6 35. Rxb6+ Kf5 36. Rf6+ Kg4 37. fxg5 hxg5 38. Rxf7 Re2 39. Rf2 Rxe5 40. Kg2 Rb5 41. Rb2 Kf5 42. b4 Ke4 43. Rb3 g4 44. h3 Kf5 45. hxg4+ Kxg4 46. Rb1 Rd5 47. Rb3 Rb5 48. Kf2 Rh5 49. b5 Rf5+ 50. Ke2 Rf7 51. b6 Rb7 52. Kf2 Kg5 53. Rb5+ 1-0

[Event "Ports Lge"]
[Site "?"]
[Date "1971.??.??"]
[Round "?"]
[White "Yeeles, William"]
[Black "Brameld, Arthur F"]
[Result "1/2-1/2"]
[WhiteElo "1960"]
[BlackElo "1935"]
[PlyCount "60"]
[EventDate "1971.??.??"]
[EventType "simul"]
[EventRounds "5"]

1. e4 e5 2. Nf3 f5 3. d4 fxe4 4. Nxe5 Nf6 5. Bg5 Be7 6. Nc3 d5 7. Be2 O-O 8. O-O Nc6 9. Be3 Bd6 10. Nxc6 bxc6 11. f3 exf3 12. Bxf3 Qe8 13. Qd2 Qg6 14. Rf2 Ba6 15. Bf4 Ng4 16. Bxd6 cxd6 17. Bxg4 Qxg4 18. Re1 Rxf2 19. Qxf2 Rf8 20. Qe3 Qf4 21. h3 Qf5 22. Qe6+ Qf7 23. Qe3 h6 24. Qe6 Kh7 25. Qxf7 Rxf7 26. Re6 Rd7 27. Kf2 Kg8 28. Ne2 Kf7 29. Re3 Bxe2 30. Kxe2 Rb7 1/2-1/2

[Event "Hants Lge"]
[Site "?"]
[Date "1971.??.??"]
[Round "?"]
[White "Brameld, Arthur F"]
[Black "Jones, John H"]
[Result "1/2-1/2"]
[WhiteElo "1935"]
[BlackElo "2085"]
[PlyCount "42"]
[EventDate "1971.??.??"]
[EventType "simul"]
[EventRounds "4"]

1. e4 c5 2. Nf3 d6 3. d4 cxd4 4. Qxd4 a6 5. Be3 Nc6 6. Qb6 Qxb6 7. Bxb6 g6 8. Nc3 Nf6 9. Rd1 Bh6 10. e5 Nd7 11. Nd5 O-O 12. exd6 exd6 13. Be2 Nxb6 14. Nxb6 Rb8 15. O-O Bg7 16. c3 Re8 17. Bc4 Ne5 18. Nxe5 dxe5 19. Nd7 Ra8 20. Nb6 Rb8 21. Nd7 Ra8 1/2-1/2

[Event "FareCh"]
[Site "?"]
[Date "1971.??.??"]
[Round "?"]
[White "Brameld, Arthur F"]
[Black "Evans, Alan J"]
[Result "1-0"]
[WhiteElo "1935"]
[BlackElo "1685"]
[PlyCount "69"]
[EventDate "1971.??.??"]
[EventType "game"]

1. e4 c5 2. Nf3 Nc6 3. d4 cxd4 4. Nxd4 Nf6 5. Nc3 d6 6. Be2 a6 7. Be3 e6 8. Nb3 Be7 9. a3 b5 10. f4 d5 11. Bf3 dxe4 12. Nxe4 Nd5 13. Bc5 Na5 14. Bxe7 Kxe7 15. Qd4 f6 16. Qc5+ Kd7 17. Qd6+ Ke8 18. Qxd8+ Kxd8 19. Nxa5 Kc7 20. Nc3 Re8 21. O-O Ra7 22. Bxd5 exd5 23. Nxd5+ Kd6 24. Rad1 Ke6 25. Rfe1+ Kf7 26. Rxe8 Kxe8 27. Re1+ Kf8 28. Nb3 Bf5 29. Nd4 Bg6 30. f5 Bf7 31. Ne6+ Bxe6 32. fxe6 Ke8 33. e7 Rd7 34. Nf4 g6 35. Ne6 1-0

[Event "Ports Lge"]
[Site "?"]
[Date "1971.??.??"]
[Round "?"]
[White "Cullinane, Anthony R"]
[Black "Brameld, Arthur F"]
[Result "0-1"]
[WhiteElo "2015"]
[BlackElo "1935"]
[PlyCount "60"]
[EventDate "1971.??.??"]
[EventType "simul"]
[EventRounds "5"]

1. e4 c5 2. Nf3 e6 3. d4 cxd4 4. Nxd4 Nf6 5. Nc3 Bb4 6. e5 Ne4 7. Qg4 Nxc3 8. Qxg7 Rf8 9. a3 Nb5+ 10. axb4 Nxd4 11. Bh6 Qe7 12. Qxh7 Qxb4+ 13. Kd1 Nf5 14. Bxf8 Qxf8 15. Bd3 d5 16. Bxf5 exf5 17. Ra3 Nc6 18. Rg3 Ne7 19. Qh4 Be6 20. Qa4+ Bd7 21. Qb4 O-O-O 22. Rb3 Bc6 23. Ke2 Ng6 24. Qd4 a6 25. f4 Qe7 26. g3 f6 27. Re3 fxe5 28. fxe5 Re8 29. e6 Nf8 30. Ra1 Nxe6 0-1

[Event "NatClub"]
[Site "?"]
[Date "1971.??.??"]
[Round "?"]
[White "Brameld, Arthur F"]
[Black "Johnson, Maurice W"]
[Result "1-0"]
[WhiteElo "1935"]
[BlackElo "2000"]
[PlyCount "81"]
[EventDate "1971.??.??"]
[EventType "simul"]
[EventRounds "2"]

1. e4 Nf6 2. e5 Nd5 3. d4 d6 4. Nf3 Bg4 5. Be2 e6 6. O-O Be7 7. c4 Nb6 8. exd6 cxd6 9. Nc3 Nc6 10. b3 O-O 11. Be3 d5 12. c5 Nd7 13. h3 Bxf3 14. Bxf3 b6 15. cxb6 axb6 16. Nb5 Qb8 17. g3 Na7 18. Bf4 Qb7 19. Be2 Nxb5 20. Bxb5 Rfc8 21. Qe2 Nf6 22. a4 Ne4 23. Rfc1 Bd6 24. Rxc8+ Qxc8 25. Rc1 Qd8 26. Bxd6 Nxd6 27. Bd3 Rc8 28. Rc2 g6 29. Kg2 Rxc2 30. Qxc2 Qd7 31. Qc3 f6 32. h4 Nf7 33. Bb5 Qd6 34. Qc6 e5 35. Qxd6 Nxd6 36. Bc6 exd4 37. Bxd5+ Kf8 38. Kf3 Ke7 39. b4 f5 40. a5 bxa5 41. bxa5 1-0

[Event "Ports Lge"]
[Site "?"]
[Date "1971.??.??"]
[Round "?"]
[White "Burdock, Harry"]
[Black "Brameld, Arthur F"]
[Result "0-1"]
[WhiteElo "2055"]
[BlackElo "1935"]
[PlyCount "60"]
[EventDate "1971.??.??"]
[EventType "simul"]
[EventRounds "5"]

1. e4 e5 2. Nc3 Nf6 3. Bc4 Nc6 4. d3 Na5 5. Bb3 Nxb3 6. axb3 Bb4 7. Nf3 Qe7 8. O-O h6 9. Be3 Bxc3 10. bxc3 a6 11. c4 O-O 12. Qd2 d6 13. h3 c6 14. b4 Be6 15. Qe2 Nd7 16. Nd2 d5 17. cxd5 cxd5 18. exd5 Bxd5 19. c4 Bc6 20. Rfb1 f5 21. f3 Rfd8 22. b5 axb5 23. Rxa8 Rxa8 24. cxb5 Bd5 25. Nc4 e4 26. dxe4 fxe4 27. Nb6 Nxb6 28. Bxb6 Qf6 29. Qf2 exf3 30. Bd4 Qg6 0-1

[Event "Hants Lge"]
[Site "?"]
[Date "1971.??.??"]
[Round "?"]
[White "Brameld, Arthur F"]
[Black "O'Sullivan, BF."]
[Result "1/2-1/2"]
[WhiteElo "1935"]
[BlackElo "2060"]
[PlyCount "84"]
[EventDate "1971.??.??"]
[EventType "simul"]
[EventRounds "4"]

1. e4 c5 2. Nf3 d6 3. d4 cxd4 4. Qxd4 a6 5. Be3 Nc6 6. Qb6 Qxb6 7. Bxb6 Nf6 8. Nc3 g6 9. Rd1 Bd7 10. Nd5 Nxd5 11. exd5 Nd8 12. Bd4 Rg8 13. Be2 e5 14. dxe6 Nxe6 15. Be3 Be7 16. Nd2 Bc6 17. Bf3 Bxf3 18. Nxf3 Rc8 19. c3 Rc4 20. O-O f5 21. Nd4 Nxd4 22. Bxd4 Kf7 23. Rd3 Re8 24. g3 Bg5 25. f4 Bh6 26. Rfd1 Re2 27. R1d2 Rxd2 28. Rxd2 b5 29. Re2 Bf8 30. Kf1 Rc8 31. Re3 Re8 32. Rxe8 Kxe8 33. Ke2 Kd7 34. Kd3 d5 35. b4 Ke6 36. h3 h6 37. h4 h5 38. Be5 Be7 39. Kd4 Bf8 40. Kd3 Kd7 41. Ke3 Be7 42. Kd4 Kc6 1/2-1/2

[Event "Hants Lge"]
[Site "?"]
[Date "1971.??.??"]
[Round "?"]
[White "Hutchinson, N."]
[Black "Brameld, Arthur F"]
[Result "1-0"]
[WhiteElo "2100"]
[BlackElo "1935"]
[PlyCount "75"]
[EventDate "1971.??.??"]
[EventType "simul"]
[EventRounds "4"]

1. e4 c5 2. Nf3 d6 3. d4 cxd4 4. Qxd4 Nc6 5. Bb5 Bd7 6. Bxc6 Bxc6 7. Bg5 Nf6 8. Nc3 e6 9. O-O-O Be7 10. Rhe1 h6 11. Bxf6 gxf6 12. Qd2 a6 13. Nd4 Qc7 14. f4 O-O-O 15. f5 Bd7 16. Re3 Kb8 17. Kb1 Rdg8 18. Qe2 h5 19. Rh3 Rg5 20. Nf3 Rg4 21. Nd4 Rg5 22. Rdd3 Qc5 23. a3 Bd8 24. Qd2 Bc7 25. e5 d5 26. exf6 Rhg8 27. g3 Be5 28. fxe6 Bxe6 29. Nxe6 fxe6 30. f7 R8g7 31. Ne4 Qe7 32. Nxg5 Rxg5 33. Qxg5 Qxg5 34. f8=Q+ Ka7 35. Qc5+ b6 36. Qf8 Qg4 37. Qf7+ Kb8 38. Rxh5 1-0

[Event "Ports Lge"]
[Site "?"]
[Date "1971.??.??"]
[Round "?"]
[White "Brameld, Arthur F"]
[Black " Pointon, Anthony J"]
[Result "1/2-1/2"]
[WhiteElo "1935"]
[BlackElo "2120"]
[PlyCount "60"]
[EventDate "1971.??.??"]
[EventType "simul"]
[EventRounds "5"]

1. e4 c5 2. Nf3 d6 3. d4 cxd4 4. Nxd4 Nf6 5. Nc3 a6 6. Bc4 e6 7. O-O Be7 8. Bb3 Nbd7 9. f4 Qc7 10. Be3 Nc5 11. Qf3 b5 12. e5 Bb7 13. Qg3 dxe5 14. fxe5 Nh5 15. Qh3 Qxe5 16. Nf5 Nxb3 17. axb3 exf5 18. Rxf5 Qe6 19. Rxh5 Qxh3 20. Rxh3 O-O 21. Rd1 Rfd8 22. Bb6 Rxd1+ 23. Nxd1 Rc8 24. Re3 Kf8 25. Rc3 Rxc3 26. Nxc3 b4 27. Nd1 Be4 28. Ne3 f5 29. g3 Kf7 30. Bd4 g5 1/2-1/2

[Event "NatClub"]
[Site "?"]
[Date "1971.??.??"]
[Round "?"]
[White "Brameld, Arthur F"]
[Black "Perkins, A."]
[Result "0-1"]
[WhiteElo "1935"]
[BlackElo "2300"]
[PlyCount "80"]
[EventDate "1971.??.??"]
[EventType "simul"]
[EventRounds "2"]

1. e4 g6 2. d4 Bg7 3. Nc3 d6 4. Bg5 c6 5. f4 Qb6 6. Nge2 Qxb2 7. Rb1 Qa3 8. Qd2 Nd7 9. e5 h6 10. Bh4 Nb6 11. Nc1 Be6 12. Nb3 O-O-O 13. Bd3 g5 14. Bg3 gxf4 15. Bxf4 dxe5 16. dxe5 Nc4 17. Qe2 Qb4 18. Bxc4 Qxc3+ 19. Nd2 Bxc4 20. Qxc4 Qxc4 21. Nxc4 Rd4 22. Rb4 Re4+ 23. Be3 Kc7 24. O-O b5 25. Rxf7 bxc4 26. Bxa7 Bxe5 27. Bb8+ Kd7 28. Bxe5 Rxe5 29. Rf8 Re1+ 30. Kf2 Re6 31. Rb7+ Kd6 32. Rd8+ Ke5 33. Rbb8 Rd6 34. a4 Rh7 35. Rxg8 Rd2+ 36. Kg3 Rxc2 37. a5 Ra2 38. Rg4 c3 39. Rc4 Rg7+ 40. Kh3 c2 0-1

[Event "Ports Lge"]
[Site "?"]
[Date "1971.??.??"]
[Round "?"]
[White "Peters, A John"]
[Black "Brameld, Arthur F"]
[Result "1/2-1/2"]
[WhiteElo "2085"]
[BlackElo "1935"]
[PlyCount "54"]
[EventDate "1971.??.??"]
[EventType "simul"]
[EventRounds "5"]

1. d4 d5 2. Nf3 Nf6 3. e3 e6 4. Bd3 b6 5. O-O Nbd7 6. b3 Bb7 7. Bb2 Be7 8. c4 Ne4 9. Nc3 f5 10. Rc1 O-O 11. Ne5 Nxe5 12. dxe5 Bb4 13. Qe2 Bxc3 14. Bxc3 Nxc3 15. Rxc3 d4 16. Rc2 dxe3 17. Qxe3 Qh4 18. f4 c5 19. Be2 Be4 20. Rd2 Rad8 21. Rfd1 Rxd2 22. Qxd2 h6 23. g3 Qh3 24. Bf1 Qg4 25. Bg2 Bxg2 26. Kxg2 Qg6 27. Qd7 Qf7 1/2-1/2

[Event "Hants Lge"]
[Site "?"]
[Date "1971.??.??"]
[Round "?"]
[White "Miles, I."]
[Black "Brameld, Arthur F"]
[Result "1/2-1/2"]
[WhiteElo "1840"]
[BlackElo "1935"]
[PlyCount "85"]
[EventDate "1971.??.??"]
[EventType "simul"]
[EventRounds "4"]

1. e4 e5 2. Nc3 Nf6 3. Bc4 Nc6 4. d3 Na5 5. Bb3 Nxb3 6. axb3 Bb4 7. Bd2 c6 8. f4 exf4 9. Bxf4 d5 10. exd5 Bg4 11. Nf3 O-O 12. O-O Bxc3 13. bxc3 Qxd5 14. Ra4 Rfe8 15. Qd2 Qh5 16. Qf2 Nd5 17. Bd2 Bxf3 18. Qxf3 Qxf3 19. Rxf3 Re6 20. c4 Ne7 21. Ra1 c5 22. Re3 Nc6 23. Rxe6 fxe6 24. c3 Rd8 25. d4 cxd4 26. cxd4 Nxd4 27. Rxa7 Ne2+ 28. Kf1 Rxd2 29. Rxb7 Rc2 30. Rc7 Nf4 31. c5 Nd3 32. c6 Rf2+ 33. Kg1 Rb2 34. h3 Rxb3 35. Re7 Rc3 36. c7 Kf8 37. Rd7 Ne5 38. Rd8+ Ke7 39. c8=Q Rxc8 40. Rxc8 h6 41. Kf1 Ng6 42. Kf2 e5 43. g3 1/2-1/2

[Event "Ports Lge"]
[Site "?"]
[Date "1972.??.??"]
[Round "?"]
[White "Brameld, Arthur F"]
[Black "Voke, P."]
[Result "1-0"]
[WhiteElo "1935"]
[BlackElo "1800"]
[PlyCount "60"]
[EventDate "1972.??.??"]
[EventType "simul"]
[EventRounds "11"]

1. e4 d6 2. d4 Nf6 3. Nc3 g6 4. Bg5 Bg7 5. f4 O-O 6. Nf3 Nbd7 7. e5 Ne8 8. Nd5 f6 9. Bh4 c6 10. Ne3 dxe5 11. fxe5 Qa5+ 12. c3 Nb6 13. a4 Nd5 14. Bc4 Bh6 15. Qe2 Kh8 16. Nxd5 cxd5 17. Bb3 Ng7 18. O-O Qb6 19. Bxd5 Bg4 20. h3 Bd7 21. a5 Qc7 22. Bf2 g5 23. a6 g4 24. axb7 gxf3 25. bxa8=Q Rxa8 26. Bxf3 Rf8 27. exf6 exf6 28. Qa6 Bf4 29. Qxa7 Bh2+ 30. Kh1 Nf5 1-0

[Event "Hants Lge"]
[Site "?"]
[Date "1972.??.??"]
[Round "?"]
[White "Pike, A."]
[Black "Brameld, Arthur F"]
[Result "1-0"]
[WhiteElo "2070"]
[BlackElo "1935"]
[PlyCount "79"]
[EventDate "1972.??.??"]
[EventType "simul"]
[EventRounds "5"]

1. d4 d5 2. c4 c6 3. Nf3 Nf6 4. Nc3 e6 5. Bg5 h6 6. Bh4 g5 7. Bg3 dxc4 8. a4 Bb4 9. e3 b5 10. Ne5 Nd5 11. Qc2 Bb7 12. h4 Nxc3 13. bxc3 gxh4 14. Bxh4 Be7 15. Bg3 Nd7 16. Qe4 Nxe5 17. Bxe5 Bf6 18. Bxf6 Qxf6 19. axb5 Qg6 20. Qxg6 fxg6 21. Bxc4 Kf7 22. f3 h5 23. Kf2 cxb5 24. Bxb5 a6 25. Bd3 Rhc8 26. Rhc1 a5 27. Bb5 Bc6 28. Ba4 Bd5 29. Rab1 Rc7 30. Ke2 Bc4+ 31. Kd2 Kf6 32. Bb5 Kf5 33. Bxc4 Rxc4 34. Rb5+ Kf6 35. Ra1 a4 36. Ra3 Rc7 37. Kd3 Ra6 38. c4 Ke7 39. Kc3 Kd7 40. Rg5 1-0

[Event "Ports Lge"]
[Site "?"]
[Date "1972.??.??"]
[Round "?"]
[White " Pointon, Anthony J"]
[Black "Brameld, Arthur F"]
[Result "0-1"]
[WhiteElo "2120"]
[BlackElo "1935"]
[PlyCount "61"]
[EventDate "1972.??.??"]
[EventType "simul"]
[EventRounds "11"]

1. c4 e5 2. g3 d6 3. Bg2 f5 4. Nc3 Nf6 5. e3 Be7 6. Nge2 c6 7. d3 O-O 8. O-O a5 9. a3 Be6 10. f4 Na6 11. Na4 Rb8 12. Nac3 Qd7 13. Bd2 b5 14. b3 a4 15. cxb5 Bxb3 16. Bxc6 Qa7 17. Qb1 Nc5 18. Nc1 Kh8 19. fxe5 dxe5 20. N3e2 Rbd8 21. Rxf5 Nfe4 22. Rxf8+ Bxf8 23. Qb2 Nxd3 24. Nxd3 Rxd3 25. Bxe4 Rxe3 26. Bxe3 Qxe3+ 27. Kf1 Bc5 28. Ke1 Qf2+ 29. Kd2 Qe3+ 30. Ke1 Qf2+ 31. Kd2 0-1

[Event "Ports Lge"]
[Site "?"]
[Date "1972.??.??"]
[Round "?"]
[White "Le Fevre, A."]
[Black "Brameld, Arthur F"]
[Result "0-1"]
[WhiteElo "1880"]
[BlackElo "1935"]
[PlyCount "60"]
[EventDate "1972.??.??"]
[EventType "simul"]
[EventRounds "11"]

1. e4 e5 2. Nf3 f5 3. Nxe5 Qf6 4. d4 d6 5. Nc4 fxe4 6. Nc3 Qg6 7. f3 exf3 8. Qxf3 Nc6 9. Be3 Bg4 10. Bd3 Qxd3 11. Qxf8+ Kxf8 12. cxd3 Nf6 13. Rf1 Ke8 14. Kd2 h6 15. Rae1 Kd7 16. Ne4 Raf8 17. Nxf6+ Rxf6 18. Rxf6 gxf6 19. h3 Be6 20. Rf1 Rg8 21. Rxf6 Rxg2+ 22. Ke1 Rg3 23. Kf2 Rxh3 24. Rxh6 Rxh6 25. Bxh6 Nb4 26. a3 Nxd3+ 27. Ke3 Bxc4 28. b3 Ba6 29. Bg7 Kc6 30. Bf6 b6 0-1

[Event "Hants Lge"]
[Site "?"]
[Date "1972.??.??"]
[Round "?"]
[White "Brameld, Arthur F"]
[Black "Wardell, R."]
[Result "1-0"]
[WhiteElo "1935"]
[BlackElo "1800"]
[PlyCount "31"]
[EventDate "1972.??.??"]
[EventType "simul"]
[EventRounds "5"]

1. e4 e5 2. Nf3 Nf6 3. Nc3 d6 4. d4 Qe7 5. Bg5 c6 6. Qd2 Bg4 7. O-O-O Nbd7 8. h3 Bh5 9. g4 Bg6 10. Nh4 O-O-O 11. f3 Nb6 12. dxe5 dxe5 13. Qxd8+ Qxd8 14. Rxd8+ Kxd8 15. f4 Bxe4 16. Nxe4 1-0

[Event "Ports Lge"]
[Site "?"]
[Date "1972.??.??"]
[Round "?"]
[White "Muir, William D"]
[Black "Brameld, Arthur F"]
[Result "1/2-1/2"]
[WhiteElo "2020"]
[BlackElo "1935"]
[PlyCount "60"]
[EventDate "1972.??.??"]
[EventType "simul"]
[EventRounds "11"]

1. e4 c5 2. Nc3 g6 3. g3 Bg7 4. Bg2 Nc6 5. d3 d6 6. Nge2 e6 7. O-O Nge7 8. f4 O-O 9. Kh1 f5 10. Be3 Rb8 11. a4 a6 12. Rb1 b5 13. axb5 axb5 14. exf5 Nxf5 15. Bg1 Ncd4 16. Nxd4 Bxd4 17. Qe2 d5 18. Nd1 b4 19. Ne3 Nh6 20. Qd2 Qf6 21. Nd1 Bxg1 22. Kxg1 Nf5 23. Kh1 d4 24. Re1 Bb7 25. Be4 Nd6 26. Bxb7 Rxb7 27. Nf2 Re7 28. Ne4 Nxe4 29. Rxe4 e5 30. Rbe1 Rfe8 1/2-1/2

[Event "Hants Lge"]
[Site "?"]
[Date "1972.??.??"]
[Round "?"]
[White "Brameld, Arthur F"]
[Black "Wilkinson, John R"]
[Result "1-0"]
[WhiteElo "1935"]
[BlackElo "2080"]
[PlyCount "63"]
[EventDate "1972.??.??"]
[EventType "simul"]
[EventRounds "5"]

1. e4 g6 2. d4 Bg7 3. c3 c6 4. f4 d5 5. e5 h5 6. Bd3 Nh6 7. Ne2 Bg4 8. h3 Bxe2 9. Qxe2 e6 10. Be3 Nf5 11. Bf2 Nd7 12. Nd2 Rc8 13. c4 Nb6 14. c5 Nd7 15. O-O h4 16. b4 Bh6 17. Qg4 Nf8 18. Nf3 Kd7 19. Bxh4 Nxh4 20. Qxh4 Qe8 21. Ng5 Bxg5 22. Qxh8 Be7 23. g4 Kc7 24. g5 Bd8 25. Qh4 Nd7 26. a4 Qg8 27. b5 Be7 28. bxc6 bxc6 29. Rfb1 Nxc5 30. dxc5 Bxc5+ 31. Kg2 Qg7 32. Ba6 1-0

[Event "Ports Lge"]
[Site "?"]
[Date "1972.??.??"]
[Round "?"]
[White "Stenhouse, Ian"]
[Black "Brameld, Arthur F"]
[Result "1/2-1/2"]
[WhiteElo "1980"]
[BlackElo "1935"]
[PlyCount "55"]
[EventDate "1972.??.??"]
[EventType "simul"]
[EventRounds "11"]

1. d4 d5 2. c4 c6 3. cxd5 cxd5 4. Nc3 Nf6 5. Bg5 Nc6 6. e3 e6 7. a3 a6 8. Bd3 h6 9. Bh4 Be7 10. Nf3 b5 11. Bxf6 Bxf6 12. b4 Qd6 13. Qb3 O-O 14. O-O Bb7 15. Rfd1 Rfc8 16. Rac1 Na7 17. Ne2 Be7 18. Bb1 a5 19. Qd3 Kf8 20. Ne5 axb4 21. Qh7 Bf6 22. Ng4 bxa3 23. Nxf6 gxf6 24. Nf4 Ke7 25. Ng6+ Kd7 26. Qxf7+ Kd8 27. Qg8+ Kd7 28. Qf7+ 1/2-1/2

[Event "Hants Lge"]
[Site "?"]
[Date "1972.??.??"]
[Round "?"]
[White "Brameld, Arthur F"]
[Black "Weeramantry, Sunil"]
[Result "1-0"]
[WhiteElo "1935"]
[BlackElo "2215"]
[PlyCount "103"]
[EventDate "1972.??.??"]
[EventType "simul"]
[EventRounds "5"]

1. e4 d6 2. d4 Nf6 3. Nc3 g6 4. Bg5 Bg7 5. f4 O-O 6. Nf3 c5 7. d5 Qa5 8. Nd2 Ng4 9. Qf3 f5 10. exf5 Bxf5 11. Nc4 Qc7 12. h3 Nf6 13. g4 Bxc2 14. Ne3 Ne4 15. Nxe4 Bxe4 16. Qxe4 Bxb2 17. Rb1 Bd4 18. Bc4 a6 19. a4 Bf6 20. Bxf6 exf6 21. O-O b6 22. Bd3 Nd7 23. Qe6+ Kg7 24. Nc4 Rfe8 25. Qxd6 Qxd6 26. Nxd6 Re3 27. Rfe1 Rxd3 28. Re7+ Kg8 29. Rxd7 Rxd5 30. Rxb6 c4 31. Rbb7 c3 32. Rg7+ Kh8 33. Rxh7+ Kg8 34. Rbg7+ Kf8 35. Rf7+ Kg8 36. Ne4 Rd6 37. Nxd6 c2 38. Rc7 c1=Q+ 39. Rxc1 Kxh7 40. a5 Rb8 41. Rc7+ Kh6 42. Rb7 Ra8 43. Rb6 g5 44. f5 Ra7 45. Rb7 Ra8 46. Nf7+ Kg7 47. Nxg5+ Kh6 48. Nf7+ Kg7 49. Nd6+ Kh6 50. Kg2 Kg5 51. Kg3 Kh6 52. Rf7 1-0

[Event "Ports Lge"]
[Site "?"]
[Date "1972.??.??"]
[Round "?"]
[White "Brameld, Arthur F"]
[Black "Dean, Stuart"]
[Result "1/2-1/2"]
[WhiteElo "1935"]
[BlackElo "1900"]
[PlyCount "60"]
[EventDate "1972.??.??"]
[EventType "simul"]
[EventRounds "11"]

1. e4 c5 2. Nf3 Nc6 3. d4 cxd4 4. Nxd4 Nf6 5. Nc3 d6 6. Bc4 Qb6 7. Nb3 e6 8. O-O a6 9. Be3 Qc7 10. Be2 b5 11. a3 Bb7 12. f4 Be7 13. Bf3 O-O 14. Qe1 Rac8 15. Rd1 b4 16. axb4 Nxb4 17. Qf2 Nc6 18. Rd2 h6 19. Rfd1 Qb8 20. Na4 Nb4 21. Nb6 Rc7 22. c3 Nc6 23. Nc4 Nd8 24. Nxd6 Bxd6 25. Rxd6 Nxe4 26. Bxe4 Bxe4 27. Rb6 Rb7 28. Rxb7 Nxb7 29. Bb6 Bd5 30. Nc5 Nxc5 1/2-1/2

[Event "Ports Summer Tourney"]
[Site "?"]
[Date "1972.??.??"]
[Round "?"]
[White "Brameld, Arthur F"]
[Black "Dean, Stuart"]
[Result "0-1"]
[WhiteElo "2180"]
[BlackElo "1885"]
[PlyCount "102"]
[EventDate "1972.??.??"]
[EventType "simul"]
[EventRounds "7"]

1. e4 c5 2. Nf3 Nc6 3. d4 cxd4 4. Nxd4 Nf6 5. Nc3 d6 6. Bc4 Qb6 7. Nde2 a6 8. O-O e6 9. Bb3 Be7 10. Kh1 Qc7 11. Bg5 b5 12. Ng3 h6 13. Bxf6 Bxf6 14. Nh5 Bxc3 15. bxc3 g6 16. Ng3 O-O 17. f4 Na5 18. f5 Nxb3 19. cxb3 Bb7 20. Qg4 exf5 21. exf5 Kh7 22. Rf2 Qxc3 23. Raf1 g5 24. f6 Qd3 25. Rd1 Qg6 26. Rxd6 Rac8 27. h3 Rc2 28. Rxc2 Qxc2 29. Qf5+ Qxf5 30. Nxf5 Rc8 31. Rd7 Rc1+ 32. Kh2 Bc8 33. Rxf7+ Kg6 34. Nd6 Rc6 35. Rg7+ Kxf6 36. Ne8+ Ke5 37. Re7+ Kd4 38. Re2 Re6 39. Rxe6 Bxe6 40. Nc7 Bc8 41. Kg3 Kc3 42. Nd5+ Kb2 43. a4 Kxb3 44. axb5 axb5 45. h4 Ka3 46. Ne3 b4 47. Nc2+ Kb3 48. Nxb4 Kxb4 49. h5 Kc4 50. Kf3 Kd4 51. Kg3 Ke4 0-1

[Event "Ports Summer Tourney"]
[Site "?"]
[Date "1972.??.??"]
[Round "?"]
[White "Brameld, Arthur F"]
[Black "Thompson, Marshall"]
[Result "0-1"]
[WhiteElo "2180"]
[BlackElo "2165"]
[PlyCount "62"]
[EventDate "1972.??.??"]
[EventType "simul"]
[EventRounds "7"]

1. e4 c5 2. Nf3 d6 3. d4 cxd4 4. Nxd4 Nf6 5. Nc3 g6 6. f4 Nc6 7. Nxc6 bxc6 8. e5 Ng4 9. Be2 h5 10. exd6 Qxd6 11. Bf3 Qxd1+ 12. Nxd1 Bb7 13. Ne3 Bg7 14. O-O Bd4 15. Re1 O-O-O 16. c3 Bxe3+ 17. Bxe3 Nxe3 18. Rxe3 e6 19. Rd1 Rxd1+ 20. Bxd1 Rd8 21. Bf3 Rd2 22. Re2 Rd1+ 23. Kf2 Ra1 24. a3 Ba6 25. Rd2 Rf1+ 26. Kg3 Kc7 27. Kh4 f6 28. Kg3 e5 29. fxe5 fxe5 30. Be2 h4+ 31. Kxh4 Rf2 0-1